vkie - #VKIEszn - Statystyki

Ogólne statystyki
  • Ten quiz został rozwiązany 23 razy
  • Średni wynik to 8 z 12
Statystyki odpowiedzi
#VKIEszn % Poprawnych
CO SIĘ ZMIENIŁO?
74%
ZALICZKA
74%
NAPĘD
68%
PO MOJEJ STRONIE
68%
VKIE SIĘ SKOŃCZYŁ
68%
DOTLENIONY
63%
NIE TRACĘ GŁOWY
63%
OMERTA
63%
VIVA SILESIA, VIVA POLONIA
63%
GDZIE MOJA KULTURA?
58%
POPEŁNIAM
58%
KIEDYŚ NIE BYŁO TAM MIEJSC
37%
Nie znaleziono quizów pasujących do podanych kryteriów
Rozkład punktacji
Procent ludzi z każdym wynikiem
Percentyl według liczby udzielonych odpowiedzi
Twoja historia wyników
Nie rozwiązałeś tego quizu